000 00219 a2200109 4500
020 _a9780590460286
041 _aspa
100 _aShiffman, Lena
245 _aMi primer Libre de Palabras
942 _cBK
952 _74
999 _c19743
_d19743